[Event "Budapest FS06 GM"]
[Site "Budapest"]
[Date "2018.06.04"]
[Round "3"]
[White "Fernandez, Daniel Howard"]
[Black "Gorti, Akshita"]
[Result "1/2-1/2"]
[WhiteElo "2485"]
[BlackElo "2258"]
[PlyCount "231"]
[EventDate "2018.06.02"]
[EventType "tourn"]
[EventRounds "9"]
[EventCountry "HUN"]
[EventCategory "6"]
[SourceTitle "CBM 184 Extra"]
[Source "ChessBase"]
[SourceDate "2018.06.28"]
[SourceVersion "1"]
[SourceVersionDate "2018.06.28"]
[SourceQuality "1"]

1. e4 e6 2. d4 d5 3. Bd3 dxe4 4. Bxe4 Nf6 5. Bf3 c5 6. Ne2 Nc6 7. Be3 Be7 8. 0-0 0-0 9. Nbc3 cxd4 10. Nxd4 Ne5 11. Be2 Bd7 12. Nb3 Qc8 13. Qd4 Nc6 14. Qc4 e5 15. Bc5 Be6 16. Qh4 Bxc5 17. Nxc5 Nd4 18. Nxe6 Nxe2+ 19. Nxe2 Qxe6 20. Qa4 Rac8 21. Nc3 Qb6 22. Qb3 Qc6 23. Rad1 Rfd8 24. h3 h6 25. Rfe1 e4 26. Qb4 Nd5 27. Qa5 b6 28. Nxd5 bxa5 29. Ne7+ Kf8 30. Nxc6 Rxd1 31. Rxd1 Rxc6 32. c3 Rb6 33. b3 a4 34. bxa4 Rc6 35. Rd8+ Ke7 36. Rd4 Rxc3 37. Rxe4+ Kf6 38. g4 Ra3 39. Rc4 a5 40. Kg2 Rxa2 41. h4 g5 42. hxg5+ hxg5 43. Kf3 Ke6 44. Rc5 Ra3+ 45. Ke2 Rxa4 46. Rxg5 f6 47. Rg7 Ra2+ 48. Ke3 Ra3+ 49. Kf4 Ra4+ 50. Kg3 Ra3+ 51. f3 Rb3 52. Ra7 Ra3 53. Ra6+ Ke5 54. Ra8 Ke6 55. Ra7 Ke5 56. Ra6 a4 57. Ra5+ Ke6 58. Kf4 Kf7 59. Ra7+ Kg6 60. Ra6 Rb3 61. Rxa4 Rb6 62. Ra5 Rb4+ 63. Kg3 Rb3 64. Rf5 Ra3 65. Rb5 Rc3 66. Kf4 Rc4+ 67. Ke3 Ra4 68. Rb3 Kg5 69. Rd3 Kg6 70. f4 Ra1 71. Rd7 Re1+ 72. Kf2 Ra1 73. Rb7 Ra2+ 74. Kg3 Ra6 75. Rb5 Ra1 76. Rb6 Rg1+ 77. Kf3 Rf1+ 78. Ke3 Kg7 79. Ke4 Ra1 80. Kf5 Ra4 81. Rb7+ Kf8 82. Rh7 Rb4 83. Rh6 Ke7 84. g5 fxg5 85. Kxg5 Kf7 86. Rh7+ Kg8 87. Rh6 Kf7 88. f5 Rb1 89. Rh7+ Kg8 90. Re7 Kf8 91. Kf6 Rb6+ 92. Re6 Rb7 93. Ra6 Rf7+ 94. Kg5 Rg7+ 95. Kf4 Rb7 96. Rh6 Rb1 97. Kg5 Kf7 98. Rh7+ Kg8 99. Re7 Kf8 100. Kf6 Rb6+ 101. Re6 Rb7 102. Rc6 Rf7+ 103. Kg5 Rg7+ 104. Rg6 Ra7 105. Rf6+ Kg7 106. Rb6 Kf7 107. Rh6 Ra1 108. Rh7+ Kg8 109. Rb7 Ra6 110. Re7 Kf8 111. Re6 Rxe6 112. fxe6 Ke7 113. Kf5 Ke8 114. Kf6 Kf8 115. e7+ Ke8 116. Ke6 1/2-1/2

[Event "USA-ch (Women)"]
[Site "Saint Louis"]
[Date "2018.04.28"]
[Round "10"]
[White "Gorti, Akshita"]
[Black "Derakhshani, Dorsa"]
[Result "1/2-1/2"]
[WhiteElo "2252"]
[BlackElo "2306"]
[PlyCount "71"]
[EventDate "2018.04.18"]
[EventType "tourn"]
[EventRounds "11"]
[EventCountry "USA"]
[SourceTitle "CBM 184 Extra"]
[Source "ChessBase"]
[SourceDate "2018.06.28"]
[SourceVersion "1"]
[SourceVersionDate "2018.06.28"]
[SourceQuality "1"]

1. Nf3 Nf6 2. d4 g6 3. e3 Bg7 4. c4 0-0 5. Be2 c5 6. d5 e6 7. Nc3 d6 8. 0-0 e5 9. a3 h6 10. Nd2 Nh7 11. b4 Na6 12. Rb1 b6 13. Qc2 f5 14. b5 Nc7 15. a4 g5 16. Bb2 Ne8 17. Ra1 g4 18. f4 Qe7 19. Bd3 Qh4 20. g3 Qh5 21. a5 Rb8 22. axb6 axb6 23. Ra7 e4 24. Be2 Rf7 25. Rfa1 Nc7 26. Na4 Qg6 27. Bxg7 Qxg7 28. Qb2 Nf6 29. Qa3 h5 30. Bf1 h4 31. Bg2 Nh5 32. Kf2 Qf6 33. Qb2 Qxb2 34. Nxb2 h3 35. Bf1 Kf8 36. Be2 1/2-1/2

[Event "USA-ch (Women)"]
[Site "Saint Louis"]
[Date "2018.04.22"]
[Round "5"]
[White "Gorti, Akshita"]
[Black "Wang, Annie"]
[Result "1/2-1/2"]
[WhiteElo "2252"]
[BlackElo "2321"]
[PlyCount "127"]
[EventDate "2018.04.18"]
[EventType "tourn"]
[EventRounds "11"]
[EventCountry "USA"]
[SourceTitle "CBM 184 Extra"]
[Source "ChessBase"]
[SourceDate "2018.06.28"]
[SourceVersion "1"]
[SourceVersionDate "2018.06.28"]
[SourceQuality "1"]

1. d4 e6 2. Nf3 Nf6 3. e3 d5 4. Bd3 Be7 5. 0-0 0-0 6. Nbd2 b6 7. e4 dxe4 8. Nxe4 Bb7 9. Qe2 Nbd7 10. Rd1 Nxe4 11. Bxe4 Bxe4 12. Qxe4 Nf6 13. Qe2 Qd6 14. c4 c5 15. Bg5 Rad8 16. h3 cxd4 17. Nxd4 Qc5 18. Be3 Qc7 19. Rdc1 Bc5 20. Nb5 Qb7 21. a3 Bxe3 22. Qxe3 Rd7 23. Rd1 Rfd8 24. Rxd7 Rxd7 25. Rc1 h6 26. b4 Qc6 27. Nd4 Qd6 28. Nb5 Qc6 29. Nd4 Qd6 30. Nf3 Rc7 31. Qe2 Qf4 32. Rc2 Kf8 33. g3 Qe4 34. Qxe4 Nxe4 35. Kf1 Nd6 36. Nd2 Ke7 37. a4 a5 38. bxa5 bxa5 39. c5 Nb7 40. Nb3 Rc6 41. f4 Kf6 42. Ke2 e5 43. Kf3 g5 44. Ke4 exf4 45. gxf4 gxf4 46. Kxf4 Ke7 47. Ke5 Rg6 48. Nd4 Kd8 49. Kd5 Kc8 50. h4 Nd8 51. Rb2 Kc7 52. Rb5 Rg4 53. Rb3 Rxh4 54. Nb5+ Kd7 55. Nc3 Rh5+ 56. Kc4 Ne6 57. Rb7+ Kc6 58. Rb6+ Kd7 59. Rd6+ Kc8 60. Nd5 Rg5 61. Rc6+ Kd7 62. Rd6+ Kc8 63. Rc6+ Kd7 64. Rd6+ 1/2-1/2

[Event "USA-ch (Women)"]
[Site "Saint Louis"]
[Date "2018.04.20"]
[Round "3"]
[White "Gorti, Akshita"]
[Black "Zatonskih, Anna"]
[Result "1/2-1/2"]
[WhiteElo "2252"]
[BlackElo "2444"]
[PlyCount "134"]
[EventDate "2018.04.18"]
[EventType "tourn"]
[EventRounds "11"]
[EventCountry "USA"]
[SourceTitle "CBM 184 Extra"]
[Source "ChessBase"]
[SourceDate "2018.06.28"]
[SourceVersion "1"]
[SourceVersionDate "2018.06.28"]
[SourceQuality "1"]

1. Nf3 d5 2. e3 Nf6 3. c4 e6 4. b3 c5 5. Bb2 Nc6 6. cxd5 exd5 7. Bb5 Bd6 8. 0-0 0-0 9. d4 cxd4 10. Nxd4 Bc7 11. Nd2 Qd6 12. g3 Bh3 13. Re1 Bb6 14. Nxc6 bxc6 15. Bd3 h6 16. Qc2 Rfe8 17. Rac1 Rac8 18. Bf5 Bxf5 19. Qxf5 Qe6 20. Qd3 Ng4 21. b4 f6 22. Bd4 Ne5 23. Qf1 Qg4 24. f4 Nf7 25. Qd3 Nd6 26. Bxb6 axb6 27. e4 Nxe4 28. Nxe4 dxe4 29. Rxe4 Rxe4 30. Qxe4 Qd7 31. Re1 c5 32. bxc5 bxc5 33. Qc4+ Kh8 34. a4 Qa7 35. Rc1 Qa5 36. Rc2 Rd8 37. Rc1 Rd4 38. Qe6 Rd8 39. Qc6 Rb8 40. Qxc5 Qxa4 41. Re1 Qa8 42. Qe3 Rc8 43. Qe7 Qa5 44. Qe3 Rc3 45. Qf2 Kh7 46. Rd1 f5 47. Qd4 Rc2 48. Qd5 Qa7+ 49. Kh1 Rc5 50. Qd4 Qb7+ 51. Kg1 Rc2 52. Qd5 Qb6+ 53. Qd4 Qe6 54. Qd3 Re2 55. Rb1 Re3 56. Qd4 Re2 57. Qd3 Re4 58. Rb5 Qa2 59. Rb1 Qa7+ 60. Kh1 Qa8 61. Kg1 Qc6 62. Qb5 Qe6 63. Qd3 h5 64. Qf3 Kh6 65. Qf2 g6 66. Qb2 Re1+ 67. Rxe1 Qxe1+ 1/2-1/2

[Event "USA-ch (Women)"]
[Site "Saint Louis"]
[Date "2018.04.19"]
[Round "2"]
[White "Paikidze, Nazi"]
[Black "Gorti, Akshita"]
[Result "1/2-1/2"]
[WhiteElo "2352"]
[BlackElo "2252"]
[PlyCount "88"]
[EventDate "2018.04.18"]
[EventType "tourn"]
[EventRounds "11"]
[EventCountry "USA"]
[SourceTitle "CBM 184 Extra"]
[Source "ChessBase"]
[SourceDate "2018.06.28"]
[SourceVersion "1"]
[SourceVersionDate "2018.06.28"]
[SourceQuality "1"]

1. c4 e6 2. Nc3 d5 3. d4 a6 4. cxd5 exd5 5. Nf3 Nf6 6. Bg5 Be6 7. e3 Nbd7 8. Be2 Bd6 9. 0-0 0-0 10. Qc2 c6 11. Rac1 Re8 12. a3 Qc7 13. Bh4 Bg4 14. Bg3 Bxg3 15. hxg3 Qd6 16. Bd3 Bh5 17. Nh4 Bg6 18. Nxg6 hxg6 19. Rfd1 Re7 20. b4 Rae8 21. a4 Ng4 22. Ne2 g5 23. Bh7+ Kh8 24. Bf5 Nh6 25. Nc3 Nb6 26. b5 axb5 27. axb5 Nc4 28. Bd3 Nxe3 29. fxe3 Ng4 30. Bf5 Nxe3 31. Qf2 g6 32. Ne4 Nxd1 33. Nxd6 Nxf2 34. Nxe8 gxf5 35. Kxf2 Rxe8 36. bxc6 bxc6 37. Rxc6 Re4 38. Rf6 f4 39. gxf4 gxf4 40. Rxf7 Rxd4 41. Kf3 Kg8 42. Rxf4 Rxf4+ 43. Kxf4 Kg7 44. Kf5 Kf7 1/2-1/2

[Event "Moscow Aeroflot op-B 17th"]
[Site "Moscow"]
[Date "2018.02.26"]
[Round "7"]
[White "Gorti, Akshita"]
[Black "Gomes, Mary Ann"]
[Result "1-0"]
[WhiteElo "2214"]
[BlackElo "2329"]
[PlyCount "61"]
[EventDate "2018.02.20"]
[EventType "swiss"]
[EventRounds "9"]
[EventCountry "RUS"]
[SourceTitle "CBM 183 Extra"]
[Source "ChessBase"]
[SourceDate "2018.04.19"]
[SourceVersion "1"]
[SourceVersionDate "2018.04.19"]
[SourceQuality "1"]

1. d4 g6 2. c4 f5 3. g3 Nf6 4. Nf3 Bg7 5. Bg2 d6 6. 0-0 0-0 7. Nc3 c6 8. Re1 Ne4 9. Qc2 Nxc3 10. Qxc3 c5 11. Be3 Nc6 12. Qd2 Qc7 13. d5 Ne5 14. Rac1 Ng4 15. Bf4 Rb8 16. b3 b5 17. cxb5 Rxb5 18. e4 fxe4 19. Rxe4 Bf5 20. Re2 Rb7 21. h3 Nf6 22. Rce1 Re8 23. g4 Bc8 24. Ng5 Rb4 25. Ne6 Bxe6 26. Rxe6 Rd4 27. Qc1 Qd7 28. Be3 Rxd5 29. Rxf6 Bxf6 30. Bxd5+ e6 31. Bg2 1-0

[Event "Moscow Aeroflot op-B 17th"]
[Site "Moscow"]
[Date "2018.02.21"]
[Round "2"]
[White "Gorti, Akshita"]
[Black "Vastrukhin, Oleg"]
[Result "0-1"]
[WhiteElo "2214"]
[BlackElo "2409"]
[PlyCount "92"]
[EventDate "2018.02.20"]
[EventType "swiss"]
[EventRounds "9"]
[EventCountry "RUS"]
[SourceTitle "CBM 183 Extra"]
[Source "ChessBase"]
[SourceDate "2018.04.19"]
[SourceVersion "1"]
[SourceVersionDate "2018.04.19"]
[SourceQuality "1"]

1. d4 g6 2. c4 Bg7 3. e4 d6 4. Nc3 e5 5. Nf3 exd4 6. Nxd4 Ne7 7. Be3 Nbc6 8. h4 h5 9. Qd2 Ne5 10. Be2 a6 11. 0-0-0 N7c6 12. Kb1 0-0 13. Nd5 Nxd4 14. Bxd4 Be6 15. f4 c5 16. Be3 Ng4 17. Bxg4 Bxg4 18. Rdf1 Re8 19. f5 Rxe4 20. Bg5 Re2 21. Qxe2 Bxe2 22. Bxd8 Rxd8 23. f6 Bxc4 24. Ne7+ Kf8 25. Nxg6+ fxg6 26. fxg7+ Kxg7 27. Rd1 Kf6 28. b3 Be6 29. Rhe1 d5 30. Kb2 b5 31. Rc1 c4 32. bxc4 bxc4 33. Rc2 d4 34. Rxe6+ Kxe6 35. Rxc4 Kd5 36. Rc7 Rd6 37. Rf7 Rc6 38. Rf3 Ke4 39. Rf8 Ke3 40. Re8+ Kd2 41. Rd8 Rb6+ 42. Ka3 d3 43. Rd7 Ke2 44. Re7+ Kd1 45. Rd7 d2 46. Rd8 Re6 0-1